Receptiveness towards counseling among employees in a private company in Kuala Lumpur /
Saved in:
| 主要作者: | |
|---|---|
| 格式: | Thesis 图书 |
| 语言: | English |
| 出版: |
2008.
|
| 主题: | |
| 标签: |
添加标签
没有标签, 成为第一个标记此记录!
|
| LEADER | 01108cam a2200277 i 4500 | ||
|---|---|---|---|
| 001 | u1100522 | ||
| 003 | SIRSI | ||
| 005 | 201811221443 | ||
| 008 | 181122s2008 my a m 000 0 eng | ||
| 040 | |a UMD |e rda | ||
| 090 | |a LB1027.5 |b UM 2008 Ng | ||
| 100 | 1 | |a Ng, Kok Hoe, |e author. | |
| 245 | 1 | 0 | |a Receptiveness towards counseling among employees in a private company in Kuala Lumpur / |c Ng Kok Hoe. |
| 264 | 1 | |c 2008. | |
| 264 | 4 | |c 2008. | |
| 300 | |a vii, 115 leaves : |b illustrations, ; |c 30 cm. | ||
| 336 | |a text |2 rdacontent | ||
| 337 | |a unmediated |2 rdamedia | ||
| 338 | |a volume |2 rdacarrier | ||
| 502 | |b M.Couns. |c Jabatan Psikologi Pendidikan dan Kaunseling, Fakulti Pendidikan Universiti Malaya |d 2008. | ||
| 504 | |a Bibliography: leaves 85-94. | ||
| 650 | 0 | |a Counseling |x Employees effectiveness |z Kuala Lumpur. | |
| 710 | 2 | |a Universiti Malaya. |b Jabatan Psikologi Pendidikan dan Kaunseling, |e degree granting institution. | |
| 901 | |a 1 copy in (UMD) - Process catalog thesis. | ||
| 596 | |a 8 | ||
| 999 | |a LB1027.5 UM 2008 NG |w LC |c 1 |i A517250244 |f 27/11/2018 |g 1 |l STACKS |m P08PENDIDI |r Y |s Y |t TESIS |u 27/11/2018 |1 AHSS | ||
